000
00434nam a2200145Ia 4500
008
100204s9999 xx 000 0 und d
082
_b
12855
100
_a
बांदोडकर व. पु.
245
_a
टायगर
260
_b
"बांदोडकर पब्लिशिंग हाऊस, गोवा"
_c
1990
300
_a
198
630
_a
टायगर
730
_a
टायगर
942
_c
BOOK
999
_c
457287
_d
457284